000 00837nam a2200253Ia 4500
003 OSt
005 20221005113033.0
006 a|||||r|||| 00| 0
007 ta
008 221004b |||||||| |||| 00| 0 pan d
020 _c100
024 _a11891
037 _b839, 20/03/2014, H.K. Prakashan
_cTextual
040 _aCRL
_cCRL
_bpan
041 _2pan
_apan
082 _aO153,3x, P8
100 _aਮਡਾਹੜ, ਗੁਰਮੇਲ, ਥਦ.
245 0 _aਨੋਬਲ ਕਹਾਣੀਆਂ
260 _aਦਿੱਲੀ
_bਪੰਜਾਬੀ ਅਕੀਦਮੀ ਭਾਰਤ
_c2008
300 _a99ਪੰ
_ccm.
650 _aਪੰਜਾਬੀ ਸਾਹਿਤ
942 _hO153,3x, P8
_cTEXL
_2cc
999 _c1026850
_d1026850